| 000 | 01122nam a2200217Ia 4500 | ||
|---|---|---|---|
| 005 | 20191211123847.0 | ||
| 008 | 180910s9999 xx 000 0 und d | ||
| 040 | _aLB-BrCRDP | ||
| 100 | 1 | _aنصر الله، محمد | |
| 245 | 1 | 0 | _aمسار علمي في تطوير الإدارة |
| 260 |
_aبيروت _bدار الشفق للنشر والتوزيع _c2014 |
||
| 300 | _a145-199 pages | ||
| 490 | 0 | _aرحلة في التطوير التربوي : تجربة المبرات | |
| 500 | _aالنوع : فصل في كتاب | ||
| 520 | 3 | _aيتناول هذا الفصل المسار الذي اعتمد لتطوير ادارة مدارس المبرات على مستوى المهارات الادارية العامة وادارة الموارد البشرية والموارد المادية. ومن ثم تنمية مهارات ادارة الذات والتواصل مع الآخرين. | |
| 650 | 4 | _aAdministration Scolaire | |
| 650 | 4 |
_aEducational administration _9177 |
|
| 650 | 4 | _aالادارة التربوية | |
| 856 |
_zShamaa _uhttp://search.shamaa.org/FullRecord?ID=101714 |
||
| 942 |
_cLAESDATA _2ddc |
||
| 999 |
_c21089 _d21089 |
||